• 首页
  • 本馆介绍
  • 公告通知
  • 最新文献
  • 馆藏检索
  • 电子资源
  • 读者导购
  • 参考咨询
  • 我的图书馆
  • 登录
  • 详细信息显示
  • 放入我的书架
  • 预约/预借图书
  • 作者相关作品
  • 分类相关作品
  • 丛书相关作品
  • 出版社相关作品

书目信息

  • 表格格式
  • 工作单格式
  • 卡片格式
题名:
奥运会与中国
    
 
作者: ;文史资料出版社 编
分册:  
出版信息: 北京   文史资料出版社  1985
页数: 123页
开本: 19cm
丛书名:
单 册:
中图分类: G812.6
科图分类:
主题词: 体育-奥运会--历史--中国 , 体育事业--世界 , 奥运会-体育--历史--中国
电子资源:
ISBN:
000 00723nam0 2200253 45
001 0185012220
005 20060808170516.84
010    @dCNY0.65
091    @a11224.169
100    @a19951027d1985 em y0chiy0121 ea
101 0  @achi
102    @aCN@b110000
105    @af z 000yy
200 10 @a奥运会与中国@Aao yun hui yu zhong guo@f文史资料出版社编
210    @a北京@c文史资料出版社@d1985
215    @a123页@c照片@d19cm
606    @a体育-奥运会@x历史@y中国
606 0  @a体育事业@x世界
606    @a奥运会-体育@x历史@y中国
690    @aG812.6
711 02 @a文史资料出版社@4编@Awen shi zi liao chu ban she
801  2 @aCN@bNLC@c20060808
801  0 @aCN@b深圳图书馆@c20040508
905    @f2@b227777-778@dG812.6@e23
    
    奥运会与中国/文史资料出版社编.-北京:文史资料出版社,1985
    123页:照片;19cm
    
    
    ISBN :CNY0.65
    
●
相关链接 在E读中查询图书 在五车中查询图书 在当当中查询图书 在豆瓣中查询图书


正题名:奥运会与中国     索取号:G812.6/23         预约/预借

序号 登录号 条形码 馆藏地/架位号 状态 备注
1 0220507   000299563   第一样本阅览室/ [索取号:G812.6/23] 在馆    
2 0227777   000299493   密集书库/ [索取号:G812.6/23] 在馆    
3 0227778   000299509   密集书库/ [索取号:G812.6/23] 在馆    
4 0447476   204474764   密集书库/ [索取号:G812.6/23] 在馆    
5 0447477   204474773   密集书库/ [索取号:G812.6/23] 在馆    
6 0447478   204474782   密集书库/ [索取号:G812.6/23] 在馆    
唐山师范学院图书馆 欢迎您!
大连网信软件有限公司© 版权所有